000 00279nam a22001217a 4500
041 _aENG
100 _aArora.K.R
245 _aFluid Mechanics Hydraulis And Hydraulic Machins
260 _aDelhi
_bStandard Pub
_c1996
300 _a1356
650 _aIDE
856 _uIDE ( 18 )
999 _c1496
_d1496